000 01704nam0a2200385 4500
001 RU\NLR\BIBL_A\011539971
005 20260406084030.0
010 _a978-5-699-95879-5
_93000
021 _aRU
_b2017-83617
_95967
035 _a(RuMoRGB)009442992
035 _a(NLR Aleph) 011539971
090 _a12189936
_c12189936
100 _a20171127d2018 |||y0rusy50 ca
101 0 _aeng
102 _aRU
105 _aa z 000ay
200 1 _aAlice's adventures in Wonderland
_aThrough the looking-glass
_fLewis Carroll
_g[иллюстрации Джона Тенниела и др.]
210 _aМосква
_cЭксмо
_d2018 [т.е. 2017]
215 _a268, [2] с., [8] л. цв. ил.
_cил.
_d24
225 1 _aЧитаю иллюстрированную классику в оригинале
300 _aВ вып. дан.: Алиса в Стране чудес. Алиса в Зазеркалье / Льюис Кэрролл
300 _aКн. фактически изд. в 2017 г.
333 _a12+
517 1 _aАлиса в Стране чудес. Алиса в Зазеркалье
541 1 _aАлиса в Стране чудес. Алиса в Зазеркалье
_zrus
606 1 _aАнглийский язык
_jКниги для чтения
_9972309
_3RU\NLR\AUTH\6646032
686 _aШ9(2)72(4Вл)
_2rubbk
686 _aШ143.21-947
_2rubbk
686 1 _aШ143.21-93рус91
700 1 _7ba
_8eng
_aCarroll
_bL.
_f1832-1898
_gLewis
_3RU\NLR\AUTH\7751710
_934643
702 1 _4440
_7ba
_8eng
_aTenniel
_bJ.
_cхудожник
_f1820-1914
_gJohn
_3RU\NLR\AUTH\770183314
_9183263
942 _cBOOK
980 _aNB